[Event "Barcelona Sant Marti op-B 23rd"]
[Site "Barcelona"]
[Date "2023.07.18"]
[Round "6"]
[White "Roche Peris, Eduard"]
[Black "Sanchez Miguel, Jaume"]
[Result "0-1"]
[WhiteElo "1642"]
[BlackElo "1499"]
[PlyCount "30"]
[EventDate "2023.07.13"]
[EventType "swiss"]
[EventRounds "9"]
[EventCountry "ESP"]
[SourceTitle "CBM 215 Extra"]
[Source "ChessBase"]
[SourceDate "2023.09.30"]
[SourceVersion "1"]
[SourceVersionDate "2023.09.30"]
[SourceQuality "1"]

1. e4 e5 2. Nf3 Nc6 3. Bb5 a6 4. Ba4 Nf6 5. 0-0 b5 6. Bb3 Be7 7. a4 Rb8 8. axb5 axb5 9. Nc3 d6 10. Qe2 Bg4 11. Nxb5 Bxf3 12. gxf3 0-0 13. Qc4 Qd7 14. Nc3 Nd4 15. Ba4 Qh3 0-1

[Event "Barcelona Sant Marti op-B 23rd"]
[Site "Barcelona"]
[Date "2023.07.17"]
[Round "5"]
[White "Fernandez Egea, Andres"]
[Black "Roche Peris, Eduard"]
[Result "1-0"]
[WhiteElo "1827"]
[BlackElo "1642"]
[PlyCount "59"]
[EventDate "2023.07.13"]
[EventType "swiss"]
[EventRounds "9"]
[EventCountry "ESP"]
[SourceTitle "CBM 215 Extra"]
[Source "ChessBase"]
[SourceDate "2023.09.30"]
[SourceVersion "1"]
[SourceVersionDate "2023.09.30"]
[SourceQuality "1"]

1. c4 Nf6 2. g3 e6 3. Nc3 d5 4. cxd5 exd5 5. Bg2 Nc6 6. Qb3 Nd4 7. Qa4+ Nc6 8. e3 Bb4 9. Nge2 0-0 10. a3 Be7 11. d4 Be6 12. b4 a6 13. 0-0 Qd7 14. Nf4 b5 15. Qb3 Rad8 16. Nxe6 Qxe6 17. Ne2 Bd6 18. Ra2 a5 19. Qc3 Qd7 20. Rc2 axb4 21. Qxc6 Qxc6 22. Rxc6 bxa3 23. Rxd6 cxd6 24. Bxa3 Ra8 25. Bxd6 Rfc8 26. Nf4 Ne4 27. Be7 Nc3 28. Nxd5 Ra7 29. Bc5 Ne2+ 30. Kh1 1-0

[Event "Barcelona Sant Marti op-B 23rd"]
[Site "Barcelona"]
[Date "2023.07.15"]
[Round "3"]
[White "Sanchez Coves, Juan Josep"]
[Black "Roche Peris, Eduard"]
[Result "1/2-1/2"]
[WhiteElo "1444"]
[BlackElo "1642"]
[PlyCount "104"]
[EventDate "2023.07.13"]
[EventType "swiss"]
[EventRounds "9"]
[EventCountry "ESP"]
[SourceTitle "CBM 215 Extra"]
[Source "ChessBase"]
[SourceDate "2023.09.30"]
[SourceVersion "1"]
[SourceVersionDate "2023.09.30"]
[SourceQuality "1"]

1. e4 e5 2. Nf3 Nf6 3. Nxe5 Nxe4 4. Qe2 Qe7 5. Qxe4 d6 6. Nc3 Qxe5 7. Qxe5+ dxe5 8. Nd5 Bd6 9. Bc4 0-0 10. 0-0 Nc6 11. c3 Na5 12. Ne3 Bd7 13. Bd5 Bc6 14. Bxc6 Nxc6 15. Nf5 Rad8 16. d3 Rfe8 17. Nxd6 Rxd6 18. f4 Rxd3 19. fxe5 Nxe5 20. Bf4 f6 21. Rfe1 Kf7 22. Rad1 c6 23. Bxe5 Rxd1 24. Rxd1 fxe5 25. Kf2 Ke6 26. g4 Re7 27. Ke3 g5 28. h3 h6 29. Rd8 Rf7 30. b3 a6 31. c4 Rf6 32. Re8+ Kd6 33. Rd8+ Ke7 34. Rh8 b6 35. Ke4 Re6 36. Rh7+ Kd6 37. Rf7 b5 38. cxb5 axb5 39. Rf5 b4 40. Rf8 c5 41. Rd8+ Kc7 42. Rd5 Kc6 43. Rxe5 Kd6 44. Rxe6+ Kxe6 45. Ke3 Ke5 46. Kd3 Kd5 47. Ke3 c4 48. bxc4+ Kxc4 49. Kd2 Kd4 50. Kc2 Kc4 51. Kb2 Kc5 52. Kc2 Kc4 1/2-1/2

[Event "Barcelona Sant Marti op-B 22nd"]
[Site "Barcelona"]
[Date "2022.07.17"]
[Round "5"]
[White "Colome Rovira, Oscar"]
[Black "Roche Peris, Eduard"]
[Result "1-0"]
[WhiteElo "1764"]
[BlackElo "1580"]
[PlyCount "91"]
[EventDate "2022.07.13"]
[EventType "swiss"]
[EventRounds "9"]
[EventCountry "ESP"]
[SourceTitle "CBM 210 Extra"]
[Source "ChessBase"]
[SourceDate "2022.11.30"]
[SourceVersion "1"]
[SourceVersionDate "2022.11.30"]
[SourceQuality "1"]

1. d4 Nf6 2. c4 e5 3. dxe5 Ng4 4. Nf3 Bc5 5. e3 Nc6 6. Be2 Ngxe5 7. 0-0 d6 8. Nc3 0-0 9. b3 a6 10. Bb2 Rb8 11. Ne4 Ba7 12. Qd2 Nxf3+ 13. Bxf3 Ne5 14. Bxe5 dxe5 15. Qc3 Qe7 16. Rfd1 f6 17. Rd2 Be6 18. Rad1 Rbd8 19. Ng3 c6 20. Qa5 Rxd2 21. Rxd2 Bc5 22. Rd1 Bb4 23. Qa4 a5 24. a3 Bxa3 25. Qxa5 Bb4 26. Qa7 Bc5 27. Qa1 Rd8 28. h3 Rxd1+ 29. Qxd1 Qd7 30. Qa1 Kf7 31. Ne4 Be7 32. Qa8 f5 33. Ng3 g6 34. Qh8 Bf6 35. Qxh7+ Bg7 36. h4 e4 37. Be2 Qe8 38. h5 Kf6 39. hxg6 Qh8 40. Nh5+ Kg5 41. Qxg7 Qxg7 42. Nxg7 Bg8 43. Ne8 Kxg6 44. Nd6 b5 45. cxb5 cxb5 46. b4 1-0

[Event "Barcelona Sant Marti op-B 22nd"]
[Site "Barcelona"]
[Date "2022.07.16"]
[Round "4"]
[White "Roche Peris, Eduard"]
[Black "Elizondo Marquet, Juan Marcos"]
[Result "1/2-1/2"]
[WhiteElo "1580"]
[BlackElo "1748"]
[PlyCount "105"]
[EventDate "2022.07.13"]
[EventType "swiss"]
[EventRounds "9"]
[EventCountry "ESP"]
[SourceTitle "CBM 210 Extra"]
[Source "ChessBase"]
[SourceDate "2022.11.30"]
[SourceVersion "1"]
[SourceVersionDate "2022.11.30"]
[SourceQuality "1"]

1. d4 Nf6 2. c4 e6 3. Nf3 b6 4. a3 Bb7 5. Nc3 Be7 6. g3 0-0 7. Bg2 d6 8. 0-0 Nbd7 9. Re1 c5 10. d5 exd5 11. cxd5 Re8 12. e4 Ng4 13. h3 Nge5 14. Nxe5 Nxe5 15. f4 Ng6 16. e5 dxe5 17. fxe5 Bg5 18. e6 fxe6 19. Rxe6 Rxe6 20. dxe6 Qxd1+ 21. Nxd1 Bxg2 22. Kxg2 Bxc1 23. Rxc1 Re8 24. b4 Rxe6 25. bxc5 Rc6 26. Kf3 bxc5 27. Ke4 Ne7 28. Nc3 Kf7 29. Kd3 Nf5 30. Ne4 Ra6 31. Rc3 Ra5 32. g4 Ne7 33. Nd6+ Kf6 34. Nb7 Rb5 35. Nxc5 Nd5 36. Ne4+ Ke5 37. Rc5 Rxc5 38. Nxc5 Nf4+ 39. Kc4 Kd6 40. Ne4+ Kc6 41. h4 Ng6 42. Ng5 Ne5+ 43. Kb4 h6 44. Ne6 Nxg4 45. Nxg7 Ne3 46. a4 a6 47. h5 Kb6 48. a5+ Kc6 49. Ne6 Nd5+ 50. Kc4 Nf6 51. Nd4+ Kb7 52. Nf5 Nxh5 53. Nxh6 1/2-1/2

[Event "Llinars del Valles op 1st"]
[Site "Llinars del Valles"]
[Date "2021.06.30"]
[Round "6"]
[White "Roche Peris, Eduard"]
[Black "Cordomi Fons, Francesco"]
[Result "1-0"]
[WhiteElo "1607"]
[BlackElo "1909"]
[PlyCount "77"]
[EventDate "2021.06.25"]
[EventType "swiss"]
[EventRounds "9"]
[EventCountry "ESP"]
[SourceTitle "CBM 203 Extra"]
[Source "ChessBase"]
[SourceDate "2021.09.30"]
[SourceVersion "1"]
[SourceVersionDate "2021.09.30"]
[SourceQuality "1"]

1. e4 e5 2. Nf3 Nc6 3. Bb5 a6 4. Ba4 Nf6 5. 0-0 b5 6. Bb3 Be7 7. Re1 0-0 8. d3 d6 9. c3 Bg4 10. Nbd2 Na5 11. Bc2 c5 12. Nf1 Qd7 13. Ne3 Nc6 14. Nxg4 Qxg4 15. Ng5 h6 16. Qxg4 Nxg4 17. Nh3 g5 18. f3 Nf6 19. Nf2 Kg7 20. Nd1 Bd8 21. Ne3 Ne7 22. g4 Bb6 23. Kg2 Rfd8 24. h4 gxh4 25. Rh1 Rh8 26. c4 h5 27. g5 Ne8 28. Bd2 Nc7 29. Rxh4 Ne6 30. Nd5 Nxd5 31. exd5 Nd4 32. Bb3 Rag8 33. Rah1 Kg6 34. f4 f6 35. Bd1 exf4 36. Bxh5+ Kxg5 37. Bxf4+ Kf5+ 38. Bg3 Kg5 39. Rg4+ 1-0

[Event "Barcelona Sant Marti op-B 21st"]
[Site "Barcelona"]
[Date "2019.07.15"]
[Round "3"]
[White "Kalagara, Aniketh"]
[Black "Roche Peris, Eduard"]
[Result "0-1"]
[WhiteElo "1189"]
[BlackElo "1669"]
[PlyCount "74"]
[EventDate "2019.07.13"]
[EventType "swiss"]
[EventRounds "9"]
[EventCountry "ESP"]
[SourceTitle "EXT 2020"]
[Source "ChessBase"]
[SourceDate "2019.10.17"]
[SourceVersion "1"]
[SourceVersionDate "2019.10.17"]
[SourceQuality "1"]

1. d4 Nf6 2. Bf4 d6 3. e3 g6 4. h3 Bg7 5. Nf3 Nbd7 6. Be2 0-0 7. 0-0 c5 8. c4 Re8 9. Nc3 b6 10. Qc2 Bb7 11. Rad1 Qc8 12. Bh2 e5 13. Nb5 Bf8 14. dxc5 dxc5 15. a3 Ne4 16. Nc3 Nxc3 17. Qxc3 Bg7 18. Qb3 Qc6 19. Rfe1 Rad8 20. Bf1 e4 21. Nd2 Ne5 22. Bxe5 Bxe5 23. g3 f5 24. Nb1 f4 25. g4 fxe3 26. fxe3 Qf6 27. Nc3 Qf3 28. Ne2 Rd3 29. Qa4 Qxe3+ 30. Kh1 Red8 31. Qc2 Qh6 32. Kg1 Rd2 33. Rxd2 Rxd2 34. Qa4 Qf8 35. Qb3 Bd4+ 36. Kh1 e3+ 37. Bg2 Bxg2+ 0-1

[Event "Barcelona Sant Marti op-B 20th"]
[Site "Barcelona"]
[Date "2018.07.18"]
[Round "6"]
[White "Han, Xuqian Ben"]
[Black "Roche Peris, Eduard"]
[Result "1-0"]
[WhiteElo "1486"]
[BlackElo "1705"]
[PlyCount "137"]
[EventDate "2018.07.13"]
[EventType "swiss"]
[EventRounds "9"]
[EventCountry "ESP"]
[SourceTitle "EXT 2019"]
[Source "ChessBase"]
[SourceDate "2018.10.10"]
[SourceVersion "1"]
[SourceVersionDate "2018.10.10"]
[SourceQuality "1"]

1. e4 c5 2. Nf3 Nc6 3. d4 cxd4 4. Nxd4 Nf6 5. Nc3 e6 6. Ndb5 Bb4 7. Nd6+ Ke7 8. Nxc8+ Rxc8 9. Bd3 Ne5 10. Bd2 Nc4 11. Bxc4 Rxc4 12. Qe2 Qc7 13. f3 Bxc3 14. Bxc3 Rc8 15. 0-0 Qc5+ 16. Qf2 Qxf2+ 17. Rxf2 Ne8 18. Rd1 f6 19. a3 d6 20. Rfd2 a5 21. Bxa5 Rxc2 22. Rxc2 Rxc2 23. Bc3 Nc7 24. Rd2 Rxd2 25. Bxd2 Kd7 26. Kf2 Kc6 27. Ke3 h5 28. Kd3 d5 29. Ba5 Nb5 30. Bb4 Nc7 31. Bc3 Na6 32. Bd4 b5 33. b3 dxe4+ 34. fxe4 e5 35. Be3 g6 36. g3 f5 37. h3 Nc7 38. a4 bxa4 39. bxa4 Na6 40. exf5 gxf5 41. Kc4 Nc7 42. a5 Na6 43. Bd2 Nc7 44. Bc3 Kd6 45. Bd2 Kc6 46. Be3 Na6 47. Bf2 Nc7 48. Be1 Ne6 49. Bf2 Ng5 50. h4 Ne4 51. Be1 Nf6 52. Bc3 Ng4 53. a6 e4 54. a7 Kb7 55. Bd4 Nh2 56. Kd5 Nf1 57. Bf2 e3 58. a8Q+ Kxa8 59. Be1 Nh2 60. Ke6 Nf3 61. Bc3 e2 62. Kxf5 e1Q 63. Bxe1 Nxe1 64. Kg5 Kb8 65. Kxh5 Ng2 66. Kg6 Ne3 67. h5 Ng4 68. h6 Ne5+ 69. Kg7 1-0

[Event "Barcelona Sant Marti op-B 19th"]
[Site "Barcelona"]
[Date "2017.07.18"]
[Round "6"]
[White "Husson, Cybele"]
[Black "Roche Peris, Eduard"]
[Result "1-0"]
[WhiteElo "1870"]
[BlackElo "1758"]
[PlyCount "63"]
[EventDate "2017.07.13"]
[EventType "swiss"]
[EventRounds "9"]
[EventCountry "ESP"]
[SourceTitle "EXT 2018"]
[Source "ChessBase"]
[SourceDate "2017.10.13"]
[SourceVersion "1"]
[SourceVersionDate "2017.10.13"]
[SourceQuality "1"]

1. e4 e5 2. Nf3 Nf6 3. Nxe5 d6 4. Nf3 Nxe4 5. d4 d5 6. Bd3 Be7 7. 0-0 0-0 8. h3 Bf5 9. Re1 Nc6 10. Nbd2 Nxd2 11. Bxf5 Nxf3+ 12. gxf3 Bg5 13. f4 Bh6 14. Kh2 Qf6 15. Qg4 Nxd4 16. Bd3 Ne6 17. f5 Bxc1 18. Raxc1 Nc5 19. Rcd1 Nxd3 20. Rxd3 Rfe8 21. Rg1 Re4 22. f4 c6 23. Rdg3 g6 24. h4 Rae8 25. h5 Re2+ 26. Kh3 R2e3 27. fxg6 hxg6 28. hxg6 Qxg6 29. Qh5 Kg7 30. f5 Rh8 31. Qxh8+ Kxh8 32. fxg6 1-0

[Event "Barcelona Sant Marti op-B 19th"]
[Site "Barcelona"]
[Date "2017.07.14"]
[Round "2"]
[White "Ramos Alvarez, Maximo"]
[Black "Roche Peris, Eduard"]
[Result "1-0"]
[WhiteElo "1865"]
[BlackElo "1758"]
[PlyCount "135"]
[EventDate "2017.07.13"]
[EventType "swiss"]
[EventRounds "9"]
[EventCountry "ESP"]
[SourceTitle "EXT 2018"]
[Source "ChessBase"]
[SourceDate "2017.10.13"]
[SourceVersion "1"]
[SourceVersionDate "2017.10.13"]
[SourceQuality "1"]

1. e4 e5 2. Nf3 Nf6 3. Nxe5 d6 4. Nf3 Nxe4 5. Nc3 d5 6. Qe2 Be6 7. Nxe4 dxe4 8. Qxe4 Qd5 9. Qxd5 Bxd5 10. Be2 Nc6 11. c3 0-0-0 12. d4 Bd6 13. Be3 f5 14. 0-0 Rhe8 15. Rfe1 h6 16. h4 f4 17. Bd2 g5 18. hxg5 hxg5 19. Nh2 Rh8 20. Bg4+ Kb8 21. Be6 f3 22. Ng4 Bxe6 23. Rxe6 fxg2 24. Kxg2 Bf4 25. Bxf4 gxf4 26. Rh1 f3+ 27. Kg1 Rhg8 28. Rh4 a6 29. Kh2 Nxd4 30. cxd4 Rxd4 31. Kg3 Rd2 32. Re3 Rxb2 33. a3 Rb1 34. Kxf3 Rf8+ 35. Ke4 c5 36. f4 Rf1 37. Ne5 Ka7 38. Rf3 Rd1 39. Rd3 Re1+ 40. Kd5 Rd8+ 41. Kc4 b5+ 42. Kc3 b4+ 43. axb4 cxb4+ 44. Kxb4 Rb1+ 45. Kc3 Rc8+ 46. Kd2 a5 47. Rh7+ Kb6 48. Rd6+ Kc5 49. Rd3 Rg8 50. Rc7+ Kb6 51. Rc6+ Kb7 52. Rd7+ Kb8 53. Rdd6 Rb2+ 54. Ke3 Rb3+ 55. Ke4 a4 56. Rb6+ Kc7 57. Ra6 a3 58. Rd7+ Kc8 59. Ra8+ Rb8 60. Rxb8+ Kxb8 61. Rd3 a2 62. Ra3 Kc7 63. Nd3 Rg2 64. Kf3 Rh2 65. Kg3 Rc2 66. Kg4 Kd6 67. Nb4 Rb2 68. Nxa2 1-0

[Event "Sant Boi op 29th"]
[Site "Sant Boi de Llobregat"]
[Date "2017.06.09"]
[Round "8"]
[White "Roche Peris, Eduard"]
[Black "Romeu Perulles, Jaume"]
[Result "1-0"]
[WhiteElo "1763"]
[BlackElo "1900"]
[PlyCount "99"]
[EventDate "2017.04.21"]
[EventType "swiss"]
[EventRounds "9"]
[EventCountry "ESP"]
[SourceTitle "CBM 187 Extra"]
[Source "ChessBase"]
[SourceDate "2018.11.04"]
[SourceVersion "1"]
[SourceVersionDate "2018.11.04"]
[SourceQuality "1"]

1. e4 e5 2. Nf3 Nf6 3. Nxe5 d6 4. Nf3 Nxe4 5. Qe2 Qe7 6. d3 Nf6 7. Nc3 Be6 8. Bg5 h6 9. Bh4 g5 10. Bg3 Bg7 11. Nd4 c6 12. Nxe6 fxe6 13. 0-0-0 Na6 14. Ne4 0-0-0 15. c3 Nxe4 16. dxe4 h5 17. f3 d5 18. Bf2 dxe4 19. Rxd8+ Rxd8 20. Qxe4 Qd6 21. Bxa6 bxa6 22. Bxa7 Rd7 23. Bd4 Bxd4 24. cxd4 Qxd4 25. Qxd4 Rxd4 26. Re1 Kd7 27. Kc2 Kd6 28. Re3 a5 29. g3 Kd5 30. b3 c5 31. a3 e5 32. h3 h4 33. g4 e4 34. Kc3 exf3 35. Rxf3 Rd1 36. Rd3+ Rxd3+ 37. Kxd3 Ke5 38. Kc4 Kf4 39. Kxc5 Kg3 40. b4 Kxh3 41. bxa5 Kg2 42. a6 h3 43. a7 h2 44. a8Q+ Kg1 45. a4 h1Q 46. Qxh1+ Kxh1 47. a5 Kg2 48. a6 Kg3 49. a7 Kxg4 50. a8Q 1-0

[Event "Barcelona Sant Marti op-B 18th"]
[Site "Barcelona"]
[Date "2016.07.16"]
[Round "4.16"]
[White "Roche Peris, Eduard"]
[Black "Carrey Abellan, Enric"]
[Result "1/2-1/2"]
[WhiteElo "1798"]
[BlackElo "1911"]
[PlyCount "37"]
[EventDate "2016.07.13"]
[EventType "swiss"]
[EventRounds "9"]
[EventCountry "ESP"]
[SourceTitle "EXT 2024"]
[Source "ChessBase"]
[SourceDate "2023.10.10"]
[SourceVersion "1"]
[SourceVersionDate "2023.10.10"]
[SourceQuality "1"]

1. Nf3 Nf6 2. c4 c5 3. Nc3 g6 4. g3 Bg7 5. Bg2 0-0 6. 0-0 Nc6 7. d4 cxd4 8. Nxd4 Nxd4 9. Qxd4 d6 10. Nd5 Nd7 11. Qh4 Re8 12. Rb1 Nb6 13. Bh6 Bh8 14. c5 Nxd5 15. Bxd5 e6 16. Qxd8 Rxd8 17. Bg2 d5 18. Bd2 Bd7 19. Ba5 1/2-1/2

[Event "Barcelona Sant Marti op-B 18th"]
[Site "Barcelona"]
[Date "2016.07.15"]
[Round "3.41"]
[White "Molina Manas, Miquel"]
[Black "Roche Peris, Eduard"]
[Result "0-1"]
[WhiteElo "1606"]
[BlackElo "1798"]
[PlyCount "136"]
[EventDate "2016.07.13"]
[EventType "swiss"]
[EventRounds "9"]
[EventCountry "ESP"]
[SourceTitle "EXT 2024"]
[Source "ChessBase"]
[SourceDate "2023.10.10"]
[SourceVersion "1"]
[SourceVersionDate "2023.10.10"]
[SourceQuality "1"]

1. e4 c5 2. Nc3 Nc6 3. f4 d6 4. Nf3 g6 5. Bc4 Bg7 6. 0-0 e6 7. d3 Nge7 8. Qe1 Na5 9. Bb5+ Bd7 10. Bxd7+ Qxd7 11. Ne2 Nac6 12. Rb1 Nb4 13. a3 Nxc2 14. Qd1 Nd4 15. Nfxd4 cxd4 16. b4 d5 17. e5 Nf5 18. Rf3 f6 19. g4 Ne3 20. Bxe3 dxe3 21. Rxe3 fxe5 22. fxe5 0-0 23. d4 Rac8 24. Kg2 Qf7 25. Qf1 Qe7 26. Qe1 Bh6 27. Rf3 Rxf3 28. Kxf3 Rf8+ 29. Kg2 Be3 30. Rb3 Qg5 31. h3 h5 32. Qg3 Rf2+ 33. Qxf2 Bxf2 34. Kxf2 hxg4 35. hxg4 Qxg4 36. Rg3 Qe4 37. Re3 Qc2 38. Rc3 Qb2 39. Rg3 Kg7 40. Rc3 g5 41. Rf3 b6 42. Rc3 Kg6 43. Rf3 a5 44. bxa5 bxa5 45. Rc3 g4 46. Rg3 Kf5 47. Rc3 a4 48. Re3 Kg5 49. Rg3 Kh4 50. Re3 Qc2 51. Rc3 Qd2 52. Re3 g3+ 53. Rxg3 Qxe2+ 54. Kxe2 Kxg3 55. Ke3 Kg4 56. Kd3 Kf3 57. Kd2 Ke4 58. Kc3 Ke3 59. Kb4 Kxd4 60. Kxa4 Kc4 61. Ka5 d4 62. Kb6 d3 63. Kc6 d2 64. Kd6 d1Q+ 65. Kxe6 Qd8 66. Kf7 Qd7+ 67. Kf6 Qe8 68. e6 Kd5 0-1

[Event "Barcelona Sant Marti op-B 18th"]
[Site "Barcelona"]
[Date "2016.07.14"]
[Round "2"]
[White "Roche Peris, Eduard"]
[Black "Lopez Manzano, Antonio"]
[Result "0-1"]
[WhiteElo "1798"]
[BlackElo "1917"]
[PlyCount "44"]
[EventDate "2016.07.13"]
[EventType "swiss"]
[EventRounds "9"]
[EventCountry "ESP"]
[SourceTitle "EXT 2024"]
[Source "ChessBase"]
[SourceDate "2023.10.10"]
[SourceVersion "1"]
[SourceVersionDate "2023.10.10"]
[SourceQuality "1"]

1. e4 g6 2. d4 Bg7 3. Nc3 a6 4. Nf3 d6 5. Be2 b5 6. a3 Bb7 7. 0-0 Nd7 8. Be3 Ngf6 9. Nd2 0-0 10. f4 c5 11. e5 Nd5 12. Nxd5 Bxd5 13. Bf3 Bxf3 14. Nxf3 cxd4 15. Nxd4 dxe5 16. Nc6 Qe8 17. f5 Rc8 18. Na7 Rc7 19. Qd2 e4 20. c3 Ne5 21. fxg6 hxg6 22. Qd5 Qa8 0-1

[Event "Barcelona Sant Marti op-B 17th"]
[Site "Barcelona"]
[Date "2015.07.21"]
[Round "9"]
[White "Roche Peris, Eduard"]
[Black "Pascual Gonzalez, Novelles David"]
[Result "1-0"]
[WhiteElo "1958"]
[BlackElo "1869"]
[PlyCount "63"]
[EventDate "2015.07.13"]
[EventType "swiss"]
[EventRounds "9"]
[EventCountry "ESP"]
[SourceTitle "EXT 2016"]
[Source "ChessBase"]
[SourceDate "2015.10.08"]
[SourceVersion "1"]
[SourceVersionDate "2015.10.08"]
[SourceQuality "1"]

1. e4 e5 2. Nf3 d6 3. d4 exd4 4. Qxd4 Nc6 5. Bb5 Bd7 6. Bxc6 Bxc6 7. Nc3 Nf6 8. 0-0 Be7 9. Bf4 0-0 10. Rad1 Nh5 11. Be3 Bf6 12. Qd3 Qe7 13. Nd5 Bxd5 14. Qxd5 g6 15. e5 dxe5 16. Bc5 Qe8 17. Bxf8 c6 18. Qb3 Kxf8 19. Rfe1 Nf4 20. Qc3 Nd5 21. Qd2 Kg7 22. c4 Nf4 23. Qd7 Rb8 24. Qxe8 Rxe8 25. Rd7 e4 26. Nd2 Bxb2 27. Rxe4 Ne6 28. Rxb7 Bc3 29. Nf1 Bd4 30. Rd7 Bb6 31. Nd2 Rb8 32. Rxe6 1-0

[Event "Barcelona Sant Marti op-B 17th"]
[Site "Barcelona"]
[Date "2015.07.17"]
[Round "5"]
[White "Roche Peris, Eduard"]
[Black "Cort Hidalgo, Jordi"]
[Result "1-0"]
[WhiteElo "1958"]
[BlackElo "1850"]
[PlyCount "35"]
[EventDate "2015.07.13"]
[EventType "swiss"]
[EventRounds "9"]
[EventCountry "ESP"]
[SourceTitle "EXT 2016"]
[Source "ChessBase"]
[SourceDate "2015.10.08"]
[SourceVersion "1"]
[SourceVersionDate "2015.10.08"]
[SourceQuality "1"]

1. d4 Nf6 2. Nf3 g6 3. c4 d5 4. Nc3 Bg7 5. e3 0-0 6. Be2 c5 7. 0-0 cxd4 8. exd4 Bg4 9. Ne5 Bxe2 10. Qxe2 Nc6 11. Rd1 Rc8 12. Be3 a6 13. Rac1 dxc4 14. Nxc4 Nd5 15. Nxd5 Qxd5 16. Nb6 Qxa2 17. Nxc8 Rxc8 18. d5 1-0

[Event "Barcelona Sant Marti op-B 16th"]
[Site "Barcelona"]
[Date "2014.07.18"]
[Round "6"]
[White "Garcia Espelta, Josep"]
[Black "Roche Peris, Eduard"]
[Result "1-0"]
[WhiteElo "2072"]
[BlackElo "1925"]
[PlyCount "51"]
[EventDate "2014.07.13"]
[EventType "swiss"]
[EventRounds "9"]
[EventCountry "ESP"]
[SourceTitle "CBM 161 Extra"]
[Source "ChessBase"]
[SourceDate "2014.08.29"]
[SourceVersion "1"]
[SourceVersionDate "2014.08.29"]
[SourceQuality "1"]

1. e4 e5 2. Nf3 Nc6 3. Bb5 a6 4. Ba4 Nf6 5. Qe2 Be7 6. c3 b5 7. Bb3 0-0 8. d4 d6 9. h3 h6 10. 0-0 Bb7 11. d5 Na5 12. Bc2 c6 13. dxc6 Bxc6 14. Rd1 Qc7 15. Nbd2 Rac8 16. a4 Nc4 17. axb5 Bxb5 18. Bd3 d5 19. exd5 Nxd5 20. Nxc4 e4 21. Qxe4 Nf6 22. Qe2 Bxc4 23. Bxc4 Qxc4 24. Qxe7 Rfe8 25. Qa3 Qe2 26. Re1 1-0

[Event "Barcelona Sant Marti op-B 14th"]
[Site "Barcelona"]
[Date "2012.07.15"]
[Round "3"]
[White "Roche Peris, Eduard"]
[Black "Garcia Lopez, Nicolas"]
[Result "1/2-1/2"]
[WhiteElo "1819"]
[BlackElo "1924"]
[PlyCount "30"]
[EventDate "2012.07.13"]
[EventType "swiss"]
[EventRounds "9"]
[EventCountry "ESP"]
[SourceTitle "CBM 149 Extra"]
[Source "ChessBase"]
[SourceDate "2012.08.24"]
[SourceVersion "1"]
[SourceVersionDate "2012.08.24"]
[SourceQuality "1"]

1. d4 Nf6 2. Nf3 c5 3. c4 cxd4 4. Nxd4 e5 5. Nc2 d5 6. cxd5 Bc5 7. Nc3 Bf5 8. e3 Bxc2 9. Bb5+ Nc6 10. dxc6 Bxd1 11. c7+ Qd7 12. Bxd7+ Kxd7 13. Kxd1 Kxc7 14. Ke2 Rhd8 15. Bd2 Rd7 1/2-1/2